Statistics for Critical Role: Exandria Unlimited Party Members

Click here to take the quiz!

General Stats

  • This quiz has been taken 9 times
  • The average score is 9 of 13

Answer Stats

Answer% Correct
Robbie DaymondDorian Storm
100%
Ashley JohnsonFearne Calloway
100%
Liam O'BrianOrym of the Air Ashari
100%
Anjali BhimaniFy'ra Rai
83%
Aabria IyengarLaerryn Coramar-Seelie
83%
Sam ReigelLoquatius Seelie
83%
Travis WillinghamCerrit Agrupnin
67%
Matthew MercerDariax Zaveon
67%
Aimee CarreroOpal
67%
Marisha RayPatia Por'co
50%
Lou WilsonNydad Okiro
33%
Luis CarazoZerxus Illerez
33%
Erica LindbeckMorrighan Ferus
0%

Score Distribution

Percentile by Number Answered

Percent of People with Each Score

Your Score History

You have not taken this quiz